000
00281nam a22001217a 4500
082
_a
894.812.3
_b
SAT/A
100
_a
U.S.SANTHAKUMARI
245
_a
AKSHARACHEPPU
260
_a
THRISSUR
_b
H & C PUBLISHING HOUSE
300
_a
64
650
_a
MALAYALAM STORY BOOK
_z
KERALA
942
_c
BK
999
_c
1027
_d
1027